[Event "URU-ch sf"]
[Site "Montevideo"]
[Date "2024.02.13"]
[Round "7"]
[White "Coppola, Claudio"]
[Black "Izquierdo, Daniel"]
[Result "1-0"]
[WhiteElo "2272"]
[BlackElo "2021"]
[PlyCount "51"]
[EventDate "2024.02.09"]
[EventType "swiss"]
[EventRounds "7"]
[EventCountry "URU"]
[SourceTitle "CB08_2024"]
[SourceDate "2024.02.21"]
[SourceVersion "1"]
[SourceVersionDate "2024.02.21"]
[SourceQuality "1"]

1. d4 d5 2. Nc3 e6 3. Bf4 Bb4 4. Qd3 Nf6 5. 0-0-0 0-0 6. f3 b6 7. a3 Ba6 8. Qd2 Bd6 9. Bxd6 cxd6 10. e4 Bxf1 11. Rxf1 Qc7 12. exd5 Nxd5 13. Nxd5 exd5 14. Ne2 Nd7 15. Ng3 Rfc8 16. Nf5 Nf8 17. h4 Ne6 18. h5 f6 19. Re1 Re8 20. Re3 Nf8 21. Rhe1 Rxe3 22. Qxe3 Qf7 23. h6 g6 24. Nxd6 Qd7 25. Qe7 Rd8 26. Qxf6 1-0

[Event "URU-ch sf"]
[Site "Montevideo"]
[Date "2024.02.12"]
[Round "6"]
[White "Izquierdo, Daniel"]
[Black "Curi, Gabriel"]
[Result "1-0"]
[WhiteElo "2021"]
[BlackElo "2093"]
[PlyCount "91"]
[EventDate "2024.02.09"]
[EventType "swiss"]
[EventRounds "7"]
[EventCountry "URU"]
[SourceTitle "CB08_2024"]
[SourceDate "2024.02.21"]
[SourceVersion "1"]
[SourceVersionDate "2024.02.21"]
[SourceQuality "1"]

1. Nf3 d5 2. b3 Bg4 3. Ne5 Bf5 4. f4 e6 5. Bb2 Nd7 6. e3 Nxe5 7. Bxe5 Nf6 8. Be2 Bd6 9. Bb2 Qe7 10. 0-0 h5 11. Nc3 c6 12. Bf3 0-0-0 13. d3 e5 14. Qe1 e4 15. dxe4 dxe4 16. Be2 Ng4 17. Nd1 Bc5 18. Bxg4 hxg4 19. Bxg7 Rh7 20. Qc3 Rd5 21. Qf6 Qd7 22. Qc3 g3 23. hxg3 Bg4 24. Nf2 Qf5 25. Bf6 Qg6 26. Nxg4 Qxg4 27. Bh4 f6 28. Rae1 Rhd7 29. Qxf6 Be7 30. Qh8+ Rd8 31. Qh7 Bxh4 32. Qxh4 Qg7 33. g4 Rd2 34. Rf2 R2d7 35. g5 Rh8 36. Qg4 Kc7 37. Qg3 Qh7 38. Qh3 Qg7 39. Qf5 Rd5 40. Qxe4 Qf7 41. g4 Qd7 42. f5 Rd1 43. Rff1 Rxe1 44. Rxe1 Qd2 45. Qe5+ Kb6 46. Qd4+ 1-0

[Event "URU-ch sf"]
[Site "Montevideo"]
[Date "2024.02.10"]
[Round "2"]
[White "Cuello Toledo, Guzman"]
[Black "Izquierdo, Daniel"]
[Result "1/2-1/2"]
[WhiteElo "1836"]
[BlackElo "2021"]
[PlyCount "91"]
[EventDate "2024.02.09"]
[EventType "swiss"]
[EventRounds "7"]
[EventCountry "URU"]
[SourceTitle "CB08_2024"]
[SourceDate "2024.02.21"]
[SourceVersion "1"]
[SourceVersionDate "2024.02.21"]
[SourceQuality "1"]

1. e4 c5 2. d4 e6 3. Nf3 cxd4 4. c3 Nf6 5. e5 Nd5 6. cxd4 Nc6 7. Nc3 Nxc3 8. bxc3 d6 9. Bb5 Qa5 10. Bxc6+ bxc6 11. Bd2 Ba6 12. c4 Qa3 13. Qb3 d5 14. c5 Qxb3 15. axb3 Bd3 16. h4 h6 17. Ng1 Kd7 18. b4 Be7 19. Rh3 Bc4 20. f4 a6 21. g4 f6 22. Nf3 h5 23. g5 f5 24. Ra3 g6 25. Kf2 Rhb8 26. Ne1 Bd8 27. Nc2 a5 28. Ne3 axb4 29. Rxa8 Rxa8 30. Nxc4 dxc4 31. Bxb4 Ra2+ 32. Ke1 Ra1+ 33. Ke2 Ra2+ 34. Ke1 Rb2 35. Bd2 Kc8 36. Ra3 Bc7 37. Kd1 Rb1+ 38. Bc1 Rb5 39. Ra8+ Bb8 40. Ra3 Kb7 41. Kc2 Bc7 42. Bd2 Rb3 43. Rxb3+ cxb3+ 44. Kxb3 Ka6 45. Ka4 Bd8 46. Bc3 1/2-1/2

[Event "Montevideo Duchamp Cup 7th"]
[Site "Montevideo"]
[Date "2024.02.03"]
[Round "3"]
[White "Ramirez, Agustin"]
[Black "Izquierdo, Daniel"]
[Result "1/2-1/2"]
[WhiteElo "1669"]
[BlackElo "2021"]
[PlyCount "109"]
[EventDate "2024.02.01"]
[EventType "swiss"]
[EventRounds "9"]
[EventCountry "URU"]
[SourceTitle "CB07_2024"]
[SourceDate "2024.02.14"]
[SourceVersion "1"]
[SourceVersionDate "2024.02.14"]
[SourceQuality "1"]

1. d4 Nf6 2. Nf3 e6 3. Bf4 b6 4. e3 Bb7 5. Nbd2 Be7 6. c3 Nh5 7. Bg3 d6 8. Bd3 Nd7 9. Be4 d5 10. Bd3 Nxg3 11. hxg3 g6 12. e4 Bf6 13. e5 Bg7 14. Qe2 a5 15. a4 Qe7 16. Nf1 c5 17. Bb5 0-0 18. Ne3 cxd4 19. cxd4 Rfc8 20. 0-0 Nb8 21. g4 h6 22. g5 hxg5 23. Ng4 Na6 24. Qe3 Nb4 25. Rac1 Bc6 26. Bxc6 Nxc6 27. Nxg5 Nxd4 28. Nxf7 Nf5 29. Nfh6+ Bxh6 30. Nxh6+ Nxh6 31. Qxh6 Qg7 32. Qe3 Rc5 33. Rc3 Rac8 34. Rfc1 Rxc3 35. Rxc3 Rxc3 36. Qxc3 Qd7 37. Qd4 Qc6 38. b3 Qc2 39. Qxb6 Qc1+ 40. Kh2 Qf4+ 41. Kg1 Qxe5 42. Qd8+ Kf7 43. Qd7+ Kf6 44. Qd8+ Kf5 45. Qxa5 Qa1+ 46. Kh2 Qb2 47. Qb5 Qxf2 48. Qd3+ Kf6 49. Qf3+ Qxf3 50. gxf3 Ke7 51. a5 Kd6 52. a6 Kc6 53. b4 g5 54. b5+ Kb6 55. Kg2 1/2-1/2

[Event "Montevideo Duchamp Cup 7th"]
[Site "Montevideo"]
[Date "2024.02.01"]
[Round "1"]
[White "Vassallo, Julio"]
[Black "Izquierdo, Daniel"]
[Result "0-1"]
[WhiteElo "1591"]
[BlackElo "2021"]
[PlyCount "44"]
[EventDate "2024.02.01"]
[EventType "swiss"]
[EventRounds "9"]
[EventCountry "URU"]
[SourceTitle "CB07_2024"]
[SourceDate "2024.02.14"]
[SourceVersion "1"]
[SourceVersionDate "2024.02.14"]
[SourceQuality "1"]

1. e4 c5 2. c3 d5 3. exd5 Qxd5 4. d4 Nc6 5. Nf3 Bg4 6. Be2 e6 7. 0-0 Nf6 8. Be3 cxd4 9. cxd4 Be7 10. Nc3 Qa5 11. Qb3 Qb4 12. Qc2 0-0 13. a3 Qa5 14. Rfd1 Rac8 15. Qb3 Qc7 16. d5 exd5 17. Nxd5 Nxd5 18. Qxd5 Bf6 19. Qd2 Rfd8 20. Qc1 Qe7 21. Rxd8+ Qxd8 22. Qc5 Nd4 0-1

[Event "URU-ch sf2"]
[Site "Colonia del Sacramento"]
[Date "2023.02.20"]
[Round "6"]
[White "Granara Barreto, Sebastian A"]
[Black "Izquierdo, Daniel"]
[Result "1/2-1/2"]
[WhiteElo "2134"]
[BlackElo "2102"]
[PlyCount "188"]
[EventDate "2023.02.17"]
[EventType "swiss"]
[EventRounds "7"]
[EventCountry "URU"]
[SourceTitle "CBM 213 Extra"]
[Source "ChessBase"]
[SourceDate "2023.05.31"]
[SourceVersion "1"]
[SourceVersionDate "2023.05.31"]
[SourceQuality "1"]

1. e4 c6 2. d4 d5 3. exd5 cxd5 4. Bd3 Nc6 5. c3 Nf6 6. Bf4 Bg4 7. Qb3 Qd7 8. Nd2 e6 9. Ngf3 Bxf3 10. Nxf3 a6 11. 0-0 Be7 12. h3 0-0 13. Rfe1 Bd6 14. Ne5 Qc7 15. Qc2 g6 16. Qe2 Nh5 17. Bh6 Ng7 18. Qe3 Rae8 19. Nxc6 Qxc6 20. Bxg7 Kxg7 21. f4 e5 22. fxe5 Rxe5 23. Qd2 Rh5 24. Rf1 Bc7 25. Rf3 Qd6 26. g4 Rh6 27. Raf1 f5 28. gxf5 gxf5 29. Bxf5 Rhf6 30. Bg4 Kh8 31. Rxf6 Rxf6 32. Rxf6 Qxf6 33. Qe2 Kg7 34. Qe6 Bf4 35. Qxf6+ Kxf6 36. Bc8 Bc1 37. b3 Bb2 38. Bxb7 Bxc3 39. Bxa6 Bxd4+ 40. Kg2 Ke5 41. Kf3 Kd6 42. Ke2 Kc6 43. Kd3 Bf2 44. a3 h5 45. b4 Kb6 46. Bc8 Kc7 47. Be6 Kd6 48. Bg8 h4 49. Bf7 Be1 50. Kd4 Bf2+ 51. Kc3 Kc6 52. a4 Be1+ 53. Kb3 Bg3 54. a5 d4 55. Kc4 Be1 56. Bd5+ Kc7 57. Be4 Kb8 58. Kb5 Ka7 59. Ka4 Bg3 60. b5 Bc7 61. Kb4 Bd6+ 62. Kc4 Bc7 63. b6+ Bxb6 64. axb6+ Kxb6 65. Kxd4 Kc7 66. Ke5 Kd7 67. Kf6 Ke8 68. Bd5 Kf8 69. Bb3 Ke8 70. Kg7 Ke7 71. Bf7 Kd7 72. Kf8 Kd8 73. Be6 Kc7 74. Ke7 Kc6 75. Bd7+ Kc7 76. Be8 Kc8 77. Ba4 Kc7 78. Bd7 Kb7 79. Kd8 Kb6 80. Bg4 Kc6 81. Ke7 Kc7 82. Bf3 Kc8 83. Bc6 Kc7 84. Ba4 Kc8 85. Bb5 Kc7 86. Bd7 Kb7 87. Kd6 Kb8 88. Kc6 Ka7 89. Kc7 Ka8 90. Bc6+ Ka7 91. Bd7 Ka8 92. Kd6 Kb8 93. Ke6 Kc7 94. Ke7 Kb7 1/2-1/2

[Event "Montevideo Duchamp Cup 6th"]
[Site "Montevideo"]
[Date "2023.02.09"]
[Round "7"]
[White "Rodi, Luis Ernesto"]
[Black "Izquierdo, Daniel"]
[Result "1-0"]
[WhiteElo "2295"]
[BlackElo "2102"]
[PlyCount "107"]
[EventDate "2023.02.03"]
[EventType "swiss"]
[EventRounds "9"]
[EventCountry "URU"]
[SourceTitle "CBM 212 Extra"]
[Source "ChessBase"]
[SourceDate "2023.03.31"]
[SourceVersion "1"]
[SourceVersionDate "2023.03.31"]
[SourceQuality "1"]

1. e4 c6 2. d4 d5 3. e5 Bf5 4. Nf3 e6 5. Be2 Bb4+ 6. c3 Ba5 7. 0-0 Nd7 8. b4 Bc7 9. a4 f6 10. Bf4 g5 11. Bg3 g4 12. Nh4 fxe5 13. Bxg4 Bxg4 14. Qxg4 Qf6 15. Nf3 Nh6 16. Qh5+ Qg6 17. Qxg6+ hxg6 18. Nbd2 Nf7 19. Rfe1 Rh5 20. dxe5 0-0-0 21. Nd4 Re8 22. f4 g5 23. f5 Nf8 24. N2f3 g4 25. fxe6 Nh6 26. Nd2 Nxe6 27. N2b3 Ng5 28. Nc5 Bb6 29. Bf4 Ng8 30. Nf5 Rf8 31. Ng3 Rxf4 32. Nxh5 Rc4 33. a5 Bxc5+ 34. bxc5 Rxc5 35. Nf6 Ne7 36. a6 b5 37. Nxg4 Rxc3 38. h4 Ne4 39. h5 Kc7 40. Rf1 Rg3 41. Rf7 Kd8 42. Nf6 Ng5 43. Rf8+ Kc7 44. h6 Ng6 45. h7 Nxh7 46. Rf7+ Kb6 47. Nd7+ Kc7 48. Rxh7 Nf4 49. Kf2 Rc3 50. Nf6+ Kb6 51. Rb7+ Kc5 52. Rxa7 b4 53. Rb7 Nd3+ 54. Kg1 1-0

[Event "URU-ch sf"]
[Site "Montevideo"]
[Date "2020.02.23"]
[Round "5"]
[White "Izquierdo, Daniel"]
[Black "Lopez Falcon, Jorge"]
[Result "1/2-1/2"]
[WhiteElo "2134"]
[BlackElo "2119"]
[PlyCount "50"]
[EventDate "2020.02.21"]
[EventType "swiss"]
[EventRounds "8"]
[EventCountry "URU"]
[SourceTitle "CBM 195 Extra"]
[Source "ChessBase"]
[SourceDate "2020.05.31"]
[SourceVersion "1"]
[SourceVersionDate "2020.05.31"]
[SourceQuality "1"]

1. d4 d5 2. Nf3 c5 3. e3 Nf6 4. b3 g6 5. Bb2 Bg7 6. Be2 0-0 7. 0-0 Qc7 8. Nbd2 Rd8 9. Rc1 cxd4 10. exd4 Nc6 11. Ne5 Nxe5 12. dxe5 Ne4 13. Nf3 Nc3 14. Qd2 Nxe2+ 15. Qxe2 Bf5 16. c4 dxc4 17. Rxc4 Qb6 18. Rd4 Rac8 19. Rfd1 Qc7 20. h3 Rxd4 21. Bxd4 Qa5 22. Rd2 a6 23. Qe3 Qd5 24. Re2 Rc2 25. Rxc2 Bxc2 1/2-1/2

[Event "URU-ch sf"]
[Site "Montevideo"]
[Date "2020.02.23"]
[Round "4"]
[White "Muniz, Rafael"]
[Black "Izquierdo, Daniel"]
[Result "1/2-1/2"]
[WhiteElo "2232"]
[BlackElo "2134"]
[PlyCount "161"]
[EventDate "2020.02.21"]
[EventType "swiss"]
[EventRounds "8"]
[EventCountry "URU"]
[SourceTitle "CBM 195 Extra"]
[Source "ChessBase"]
[SourceDate "2020.05.31"]
[SourceVersion "1"]
[SourceVersionDate "2020.05.31"]
[SourceQuality "1"]

1. e4 e5 2. Nf3 Nc6 3. Bc4 Be7 4. 0-0 Nf6 5. d3 0-0 6. a4 d6 7. a5 Bg4 8. h3 Bh5 9. c3 a6 10. Nbd2 Qd7 11. Re1 Rae8 12. Nf1 Nd8 13. Ng3 Bg6 14. d4 exd4 15. cxd4 Nh5 16. Nf1 c6 17. g4 Nf6 18. Ng3 Nxe4 19. Nxe4 d5 20. Ne5 Qc8 21. Bxd5 cxd5 22. Nc3 Bb4 23. Bd2 Bxc3 24. Bxc3 f6 25. Nxg6 hxg6 26. Qf3 Qd7 27. Bb4 Rxe1+ 28. Rxe1 Rf7 29. Qe3 Nc6 30. Qe8+ Qxe8 31. Rxe8+ Kh7 32. Bc3 g5 33. Re6 Rd7 34. Kg2 Kg6 35. Kg3 Kf7 36. Re1 Re7 37. Rxe7+ Kxe7 38. f4 gxf4+ 39. Kxf4 g5+ 40. Kg3 Kf7 41. h4 gxh4+ 42. Kxh4 Kg6 43. Kg3 Nd8 44. Bd2 Ne6 45. Be3 Nc7 46. Kf3 Nb5 47. Ke2 Nd6 48. b3 f5 49. Kf3 fxg4+ 50. Kxg4 Nf5 51. Bf2 Kf6 52. Kf4 Ke6 53. Kg5 Ne7 54. Be1 Nf5 55. Bf2 Nd6 56. Kg6 Ne4 57. Be1 Nd6 58. Bb4 Nf5 59. Bc5 Ng3 60. Kg5 Ne2 61. Kg6 Nc1 62. b4 Nd3 63. Kg5 Nf2 64. Bf8 Ne4+ 65. Kg6 Nf6 66. Bc5 Nd7 67. Ba7 Nf6 68. Bc5 Ng4 69. Kg7 Ne3 70. Kf8 Kd7 71. Kf7 Ng4 72. Kg6 Nf2 73. Kf6 Nd3 74. Bf8 Kc6 75. Ke6 Nf4+ 76. Kf5 Nd3 77. Ke6 Ne1 78. Bc5 Nc2 79. Ke5 Na3 80. Ke6 Nb5 81. Ke5 1/2-1/2

[Event "Las Canas op"]
[Site "Las Canas"]
[Date "2020.01.12"]
[Round "5"]
[White "Izquierdo, Daniel"]
[Black "Abadal, Marcelo"]
[Result "1/2-1/2"]
[WhiteElo "2129"]
[BlackElo "1900"]
[PlyCount "23"]
[EventDate "2020.01.10"]
[EventType "swiss"]
[EventRounds "5"]
[EventCountry "URU"]
[SourceTitle "CBM 194 Extra"]
[Source "ChessBase"]
[SourceDate "2020.03.31"]
[SourceVersion "1"]
[SourceVersionDate "2020.03.31"]
[SourceQuality "1"]

1. d4 Nf6 2. Nf3 e6 3. g3 d5 4. Bg2 c5 5. c4 Nc6 6. cxd5 Nxd5 7. 0-0 Be7 8. Nc3 Nxc3 9. bxc3 0-0 10. e4 Qb6 11. Be3 Rd8 12. Qa4 1/2-1/2

[Event "ARG-ch sf Amateur sf 20"]
[Site "Villaguay"]
[Date "2019.12.07"]
[Round "3.3"]
[White "Abregu, Miguel"]
[Black "Izquierdo, Daniel"]
[Result "0-1"]
[WhiteElo "2196"]
[BlackElo "2086"]
[PlyCount "96"]
[EventDate "2019.12.06"]
[EventType "swiss"]
[EventRounds "6"]
[EventCountry "ARG"]
[SourceTitle "EXT 2024"]
[Source "ChessBase"]
[SourceDate "2023.10.10"]
[SourceVersion "1"]
[SourceVersionDate "2023.10.10"]
[SourceQuality "1"]

1. d4 Nf6 2. Nf3 g6 3. Bf4 Bg7 4. e3 0-0 5. h3 b6 6. Be2 Bb7 7. 0-0 d6 8. Bh2 Nbd7 9. c4 e6 10. Nc3 Qe7 11. Qc2 Rac8 12. Rfd1 e5 13. dxe5 Nxe5 14. Nxe5 dxe5 15. Rd2 Rfd8 16. Rad1 Rxd2 17. Qxd2 Ne4 18. Nxe4 Bxe4 19. Qd7 Qxd7 20. Rxd7 Bc6 21. Rd2 Kf8 22. Bg3 Ke7 23. Bh4+ f6 24. f4 Ke6 25. Kf2 f5 26. fxe5 Bxe5 27. Bf3 Be4 28. Ke2 Bxf3+ 29. Kxf3 Bd6 30. Bg5 c6 31. g3 Bf8 32. h4 h6 33. Bf4 h5 34. Bg5 Bd6 35. Rd3 Rf8 36. Rd1 Be7 37. e4 Rd8 38. Re1 Rd3+ 39. Kg2 Bf6 40. Kh3 Bxb2 41. exf5+ Kxf5 42. Re7 Ra3 43. Rf7+ Ke4 44. Re7+ Kf3 45. Re6 Rxa2 46. Re3+ Kf2 47. Re6 Bd4 48. Bf4 g5 0-1

[Event "American Continental 14th"]
[Site "Montevideo"]
[Date "2018.06.08"]
[Round "9"]
[White "Izquierdo, Daniel"]
[Black "Teixeira, Ricardo da Silva"]
[Result "1/2-1/2"]
[WhiteElo "2078"]
[BlackElo "2235"]
[PlyCount "107"]
[EventDate "2018.06.01"]
[EventType "swiss"]
[EventRounds "11"]
[EventCountry "URU"]
[SourceTitle "CBM 184 Extra"]
[Source "ChessBase"]
[SourceDate "2018.06.28"]
[SourceVersion "1"]
[SourceVersionDate "2018.06.28"]
[SourceQuality "1"]

1. d4 e6 2. c4 f5 3. Nc3 Nf6 4. g3 Be7 5. Bg2 0-0 6. Nh3 d6 7. 0-0 c6 8. e4 e5 9. Re1 Na6 10. dxe5 dxe5 11. Qxd8 Bxd8 12. f3 Nb4 13. Re2 Bb6+ 14. Kh1 fxe4 15. Nxe4 Nxe4 16. Rxe4 Bf5 17. Rxe5 Nd3 18. Re2 Rae8 19. Rxe8 Rxe8 20. Bf4 Re2 21. g4 Bg6 22. Bg3 Rxb2 23. Nf4 Nxf4 24. Bxf4 Rb1+ 25. Rxb1 Bxb1 26. a3 Bc5 27. Bc1 Bd3 28. f4 Bxc4 29. Be4 Bd5 30. Bxd5+ cxd5 31. Kg2 b5 32. Kf3 a5 33. Ke2 b4 34. axb4 Bxb4 35. Kd3 Bc5 36. f5 Kf7 37. h4 Bf2 38. h5 h6 39. g5 hxg5 40. Bxg5 Bc5 41. Kc2 a4 42. Bh4 a3 43. Kb3 d4 44. Bd8 d3 45. Ba5 Be3 46. Bc3 Bc1 47. Bb4 Bb2 48. Bxa3 Bxa3 49. h6 gxh6 50. Kc3 Kf6 51. Kxd3 Kxf5 52. Ke3 Kg4 53. Kf2 h5 54. Kg2 1/2-1/2

[Event "American Continental 14th"]
[Site "Montevideo"]
[Date "2018.06.03"]
[Round "4"]
[White "Izquierdo, Daniel"]
[Black "Kimelman, Gabriel"]
[Result "1/2-1/2"]
[WhiteElo "2078"]
[BlackElo "2279"]
[PlyCount "80"]
[EventDate "2018.06.01"]
[EventType "swiss"]
[EventRounds "11"]
[EventCountry "URU"]
[SourceTitle "CBM 184 Extra"]
[Source "ChessBase"]
[SourceDate "2018.06.28"]
[SourceVersion "1"]
[SourceVersionDate "2018.06.28"]
[SourceQuality "1"]

1. d4 e6 2. Nf3 Nf6 3. e3 b6 4. Bd3 Bb7 5. 0-0 Be7 6. Nbd2 d5 7. Ne5 0-0 8. f4 Ne4 9. Nxe4 dxe4 10. Bc4 Bd5 11. Be2 c5 12. c3 Nd7 13. b3 Rc8 14. Bb2 Nxe5 15. fxe5 Bg5 16. Qd2 cxd4 17. cxd4 Qd7 18. Ba3 Be7 19. Bxe7 Qxe7 20. Rac1 Bb7 21. b4 h6 22. a3 Qd7 23. Rxc8 Rxc8 24. Rc1 Rc7 25. Bd1 Rxc1 26. Qxc1 Qb5 27. h3 Qd3 28. Kh2 Bd5 29. Bh5 Bc4 30. h4 b5 31. Bg4 Qb3 32. h5 Qa2 33. Kg3 Kf8 34. Bd1 Kg8 35. Bc2 Bd3 36. Bxd3 exd3 37. Qc6 Qe2 38. Qa8+ Kh7 39. Qe4+ g6 40. hxg6+ fxg6 1/2-1/2

[Event "URU-chTA"]
[Site "Uruguay"]
[Date "2017.07.08"]
[Round "3.2"]
[White "Vaz Lacuesta, Leonardo"]
[Black "Izquierdo, Daniel"]
[Result "1/2-1/2"]
[WhiteElo "2134"]
[BlackElo "2069"]
[PlyCount "86"]
[EventDate "2017.07.07"]
[EventType "team-swiss"]
[EventRounds "5"]
[EventCountry "URU"]
[SourceTitle "EXT 2018"]
[Source "ChessBase"]
[SourceDate "2017.10.13"]
[SourceVersion "1"]
[SourceVersionDate "2017.10.13"]
[SourceQuality "1"]
[WhiteTeam "Piratas Tablero"]
[BlackTeam "Mercedes"]
[WhiteTeamCountry "URU"]
[BlackTeamCountry "URU"]

1. e4 c5 2. Nf3 e6 3. d4 cxd4 4. Nxd4 a6 5. Bd3 Nc6 6. Nf3 Nf6 7. a3 d6 8. 0-0 Be7 9. c4 0-0 10. b4 Qc7 11. Bb2 Nd7 12. Nbd2 Nce5 13. Nxe5 Nxe5 14. Be2 Bf6 15. Qb3 Qe7 16. Rfd1 Bd7 17. b5 Rfc8 18. a4 Be8 19. Rab1 Nd7 20. Ba3 Nc5 21. Bxc5 Rxc5 22. Qd3 axb5 23. axb5 d5 24. exd5 exd5 25. cxd5 Ra4 26. d6 Qe6 27. Bf3 Rd4 28. Qa3 Rxb5 29. Rbc1 Qxd6 30. Qxd6 Rxd6 31. Re1 Kf8 32. Ne4 Re6 33. Bg4 Re7 34. f4 Bd4+ 35. Kf1 Bc6 36. Nd6 Rb2 37. Bf3 Be3 38. Ra1 g6 39. Bxc6 bxc6 40. Ra8+ Kg7 41. Ne8+ Kh6 42. Nf6 Re6 43. Ng4+ Kg7 1/2-1/2

[Event "Montevideo Senior-ch"]
[Site "Montevideo"]
[Date "2017.06.18"]
[Round "3"]
[White "Martinez Fernandez, Fernando"]
[Black "Izquierdo, Daniel"]
[Result "0-1"]
[WhiteElo "1862"]
[BlackElo "2055"]
[PlyCount "54"]
[EventDate "2017.06.17"]
[EventType "swiss"]
[EventRounds "5"]
[EventCountry "URU"]
[SourceTitle "CBM 179 Extra"]
[Source "ChessBase"]
[SourceDate "2017.08.23"]
[SourceVersion "1"]
[SourceVersionDate "2017.08.23"]
[SourceQuality "1"]

1. d4 b5 2. e4 Bb7 3. Bd3 a6 4. Nf3 e6 5. 0-0 d5 6. Qe2 Nf6 7. Nbd2 Be7 8. e5 Nfd7 9. c3 c5 10. b3 Nc6 11. Bb2 Rc8 12. Ne1 Qb6 13. Qe3 b4 14. c4 cxd4 15. Qg3 Ncxe5 16. c5 Qxc5 17. Rc1 Qb6 18. Rxc8+ Bxc8 19. Qxg7 Bf6 20. Qg3 a5 21. f4 Nxd3 22. Nxd3 Ba6 23. Rc1 Ke7 24. Ne5 Rc8 25. Rxc8 Bxc8 26. Ndf3 d3+ 27. Bd4 d2 0-1

[Event "URU-ch sf"]
[Site "Montevideo"]
[Date "2017.02.28"]
[Round "8"]
[White "Izquierdo, Daniel"]
[Black "Arcos Facio, Mateo"]
[Result "1-0"]
[WhiteElo "2083"]
[BlackElo "2161"]
[PlyCount "81"]
[EventDate "2017.02.24"]
[EventType "swiss"]
[EventRounds "8"]
[EventCountry "URU"]
[SourceTitle "CBM 177 Extra"]
[Source "ChessBase"]
[SourceDate "2017.04.27"]
[SourceVersion "1"]
[SourceVersionDate "2017.04.27"]
[SourceQuality "1"]

1. Nf3 Nf6 2. d4 g6 3. c4 Bg7 4. Nc3 0-0 5. g3 d6 6. Bg2 Nbd7 7. 0-0 e5 8. Qc2 c6 9. e4 exd4 10. Nxd4 Qb6 11. Nde2 Ne5 12. b3 Nfg4 13. h3 f5 14. hxg4 fxg4 15. Be3 Qa5 16. Rfc1 Nf3+ 17. Bxf3 gxf3 18. Nf4 Rxf4 19. Bxf4 Qh5 20. Nd1 Bd4 21. Ne3 Bd7 22. Qd1 c5 23. Ng2 Bg4 24. Ne1 Bxf2+ 25. Kxf2 Qh2+ 26. Ke3 Qg1+ 27. Kd2 Qd4+ 28. Nd3 Re8 29. Be3 Qxe4 30. Qe1 Bf5 31. Rc3 b5 32. Nf2 Qe5 33. cxb5 Qxg3 34. Nd3 Qg4 35. Qg1 Qe4 36. Re1 Qb7 37. Bh6 Qxb5 38. Rxe8+ Qxe8 39. Qe3 Qxe3+ 40. Kxe3 d5 41. Rxc5 1-0